Malá Fatra - Sedačkový výťah na Chleb

Zobrazenie: Pohľad na zasnežený svah a na pár na sedačke lanovky v popredí stojí osoba v zábere, ktorá má na sebe čiapku

Bibliographic Details
Format: Postcard
Language:Slovak
PhysicalDescription:1 pohľadnica čiernobiela 14 x 9 cm
Published: [Bratislava] Tatran 1950
Subjects:

MARC

LEADER 00000nkm a2200000 a 4500
001 vtls011568530
003 SK-MaSNL
005 20260512122818.0
007 kp bo
008 231214s1950 xo g kuslo
015 |a SNBG1950 
035 |a urn:nbn:sk:snk-km00bl81 
035 |a urn:nbn:sk:snk-km3lns8 
035 |a 94BE6E83-7F16-4970-B219-F7AC381E5D44 
040 |a SNK  |b slo  |c SNK  |e AACR2 
041 0 |a slo 
043 |a e-xo--- 
044 |a xo  |c SK 
072 7 |a 908(437)  |x Vlastiveda Česka a Slovenska  |2 konspekt 
080 |a (084.121)  |2 2011 
080 |a 625.5  |2 2011 
080 |a 551.4.036(234.372.4)  |2 2011 
080 |a 908(437.6)  |2 2011 
245 0 0 |a Malá Fatra - Sedačkový výťah na Chleb  |h grafika 
260 |a [Bratislava]  |b Tatran  |c 1950 
300 |a 1 pohľadnica  |b čiernobiela  |c 14 x 9 cm 
520 8 |a Zobrazenie: Pohľad na zasnežený svah a na pár na sedačke lanovky v popredí stojí osoba v zábere, ktorá má na sebe čiapku 
650 0 7 |a lanovky  |2 SNKPH  |9 16006 
650 0 7 |a vrchy a štíty  |2 SNKPH  |9 165131 
651 7 |a Vrátna dolina (Slovensko)  |2 SNKPH  |2 SNKPHgeo  |9 160644 
651 7 |a Chleb (Malá Fatra, Slovensko : vrch)  |2 SNKPHgeo  |9 160495 
651 7 |a Malá Fatra (Slovensko : pohorie)  |2 SNKPHgeo  |9 56372 
655 7 |a geografické pohľadnice  |2 SNKPH  |9 70522 
852 |a Slovenská národná knižnica 
958 |a GC 
958 |a OND 
958 |a GBN 
958 |a EUIPO 
999 |c 674261  |d 676191 
952 |a SNK  |b SNK  |y PREZ  |7 0  |p 17A1195700  |o snkSP 7684  |0 0  |1 0  |4 0  |d 2016-07-20  |f 1  |l 0  |r 2026-02-23 19:37:28  |w 2026-02-23